| 000 | 00782nam a2200253 i 4500 | ||
|---|---|---|---|
| 001 | bg | ||
| 245 | 1 | 0 |
_aInformatyka ekonomiczna / _cpod red. Elżbiety Niedzielskiej ; aut. Wojciech Domiński [et al.]. |
| 250 | _aWyd. 2 popr. i poszerz. | ||
| 260 |
_aWrocław : _bWydawnictwo Akademii Ekonomicznej, _c1999. |
||
| 300 | _a277 s. | ||
| 504 | _aBibliogr. | ||
| 650 | 9 |
_aInformatyka _xstosowanie _xgospodarka |
|
| 650 | 9 | _aSystemy informatyczne zarządzania | |
| 655 | _aPodręczniki akademickie | ||
| 700 | 1 |
_aNIEDZIELSKA, Elżbieta. _eRed. |
|
| 700 | 1 | _aDOMIŃSKI, Wojciech | |
| 020 | _a8370113265 | ||
| 040 | _cBPK | ||
| 041 | 0 | _apol | |
| 080 | _a330.47:658.1/.5.012.4](075.8) | ||
| 920 | _a83-7011-326-5 | ||
| 942 | _cKS | ||
| 008 | s pl f |000 0 pol | ||
| 999 |
_c52811 _d52811 |
||
| 856 |
_uhttp://koha.tu.koszalin.pl/cgi-bin/koha/opac-detail.pl?biblionumber=52811 _yKatalog online BPK |
||